Statystyki dla Dopasuj gitarę do gitarzysty

Kliknij tutaj aby rozwiązać quiz!

Ogólne statystyki

  • Ten quiz został rozwiązany 49 razy
  • Średni wynik to 7 z 12

Statystyki odpowiedzi

Odpowiedź% Poprawnych
James Hetfield
88%
Angus Young
85%
Slash
83%
Eric Clapton
78%
Jimmy Page
73%
Brian May
70%
Kirk Hammett
65%
B.B. King
60%
Paul McCartney
60%
Keith Richards
23%
Willie Nelson
13%
Bo Diddley
5%

Rozkład punktacji

Percentyl według liczby udzielonych odpowiedzi

Procent ludzi z każdym wynikiem

Twoja historia wyników

Nie rozwiązałeś tego quizu